000 004270000a22001690004500
003 LK-CoMWRAF
008 230817t ||||| |||| 00| 0 eng d
020 _a9555800243
040 _aLK-CoMWRAF
_dLK-CoMWRAF
_eLK-CoMWRAF
041 _aeng
082 _a720
_bTHI
100 _aThiruchelvam, Neelan
245 _aSivil othulaiyamaiyum enaiya katturaikalum
_b
260 _aColombo
_bICES
_c1997
300 _ap.216
942 _cBK
999 _c2862
_d2862